Goode on commercial law /

Podrobná bibliografie
Další autoři: McKendrick, Ewan
Médium: Kniha
Jazyk:English
Vydáno: London : Penguin Books, 2016.
Vydání:Fifth edition
Edice:Penguin reference
Témata:
Classic Catalogue: View this record in Classic Catalogue
LEADER 01437nam a22003617a 4500
001 36755
003 BD-DhAAL
005 20211125122601.0
008 191202t2016 enka b 001 0 eng d
999 |c 41690  |d 41690 
020 |a 9780141980522 
020 |a 9781405734479 (hbk.) 
020 |a 1405734477 (hbk.) 
040 |a BD-DhAAL 
082 |a 346.4207  |2 22 
245 |a Goode on commercial law /  |c edited and fully revised by Ewan McKendrick. 
246 |a Commercial law 
250 |a Fifth edition 
260 |a London :  |b Penguin Books,  |c 2016. 
300 |a cxliii, 1388 pages ;  |c 24 cm. 
490 |a Penguin reference 
504 |a Includes bibliographical references and index. 
526 |a SOL 
541 |a Karim International  |e 36755, 36756 
650 |a Commercial law.  |z England.  |9 37847 
650 |a Commercial law  |z Wales.  |9 37848 
650 |a Business  |x Law and legislation.  |9 37849 
650 |a Law.  |9 43206 
700 |a McKendrick, Ewan  |9 37850 
852 |a Ayesha Abed Library  |c General Stacks 
942 |2 ddc  |c BK 
952 |0 0  |1 0  |2 ddc  |4 0  |6 346_420700000000000_GOO  |7 0  |9 67211  |a BRACUL  |b BRACUL  |c GEN  |d 2019-11-19  |e Karim International  |g 5180.00  |l 0  |o 346.4207 GOO  |p 3010036755  |r 2019-11-19  |t 1  |v 5180.00  |w 2019-11-19  |y BK 
952 |0 0  |1 0  |2 ddc  |4 0  |6 346_420700000000000_GOO  |7 0  |9 67212  |a BRACUL  |b BRACUL  |c GEN  |d 2019-11-19  |e Karim International  |g 5180.00  |l 1  |o 346.4207 GOO  |p 3010036756  |r 2019-12-17  |s 2019-12-09  |t 2  |v 5180.00  |w 2019-11-19  |y BK